Chemical engineering kinetics (Record no. 6589)

000 -LEADER
fixed length control field 00510nam a2200193 4500
001 - CONTROL NUMBER
control field 6589
003 - CONTROL NUMBER IDENTIFIER
control field BD-DhUET
008 - FIXED-LENGTH DATA ELEMENTS--GENERAL INFORMATION
fixed length control field 700825s1970 nyua b 001 0 eng
040 ## - CATALOGING SOURCE
Transcribing agency 0
Modifying agency BD-DhUET
Original cataloging agency DLC
082 00 - DEWEY DECIMAL CLASSIFICATION NUMBER
Classification number 541.39
Item number SMI/1970
100 ## - MAIN ENTRY--PERSONAL NAME
Personal name Smith, J. M.
245 10 - TITLE STATEMENT
Title Chemical engineering kinetics
250 ## - EDITION STATEMENT
Edition statement 2nd ed.
260 ## - PUBLICATION, DISTRIBUTION, ETC. (IMPRINT)
Place of publication, distribution, etc. New York
Name of publisher, distributor, etc. McGraw-Hill
Date of publication, distribution, etc. 1970
300 ## - PHYSICAL DESCRIPTION
Extent xviii, 612p.
Other physical details ill.
490 0# - SERIES STATEMENT
Series statement McGraw-Hill chemical engineering series
650 #0 - SUBJECT ADDED ENTRY--TOPICAL TERM
Topical term or geographic name as entry element Kinetics : Physical chemistry
942 ## - ADDED ENTRY ELEMENTS (KOHA)
Koha item type General Book
Holdings
Koha date last seen Source of classification or shelving scheme Date acquired Shelving location Damaged status Copy number Sublocation or collection (holding branch) Piece designation (barcode) Not for loan Koha normalized classification for sorting Lost status Price effective from Koha full call number Koha item type Location (home branch) Withdrawn status
2014-12-04 2014-12-04Circulation section 1Central Library, BUET84576 541_390000000000000_SMI_1970 2014-12-04541.39/SMI/1970General BookCentral Library, BUET 
2014-12-12 2014-12-12Circulation section 2Central Library, BUET29865 541_390000000000000_SMI_1970 2014-12-12541.39/SMI/1970General BookCentral Library, BUET 
2014-12-12 2014-12-12Circulation section 3Central Library, BUET29867 541_390000000000000_SMI_1970 2014-12-12541.39/SMI/1970General BookCentral Library, BUET 
2014-12-12 2014-12-12Circulation section 4Central Library, BUET29863 541_390000000000000_SMI_1970 2014-12-12541.39/SMI/1970General BookCentral Library, BUET 
2015-03-11 2015-03-11Circulation section 5Central Library, BUET29871 541_390000000000000_SMI_1970 2015-03-11541.39/SMI/1970General BookCentral Library, BUET 
2015-03-14 2015-03-14Circulation section 6Central Library, BUET29868 541_390000000000000_SMI_1970 2015-03-14541.39/SMI/1970General BookCentral Library, BUET 
2015-03-14 2015-03-14Circulation section 7Central Library, BUET37045 541_390000000000000_SMI_1970 2015-03-14541.39/SMI/1970General BookCentral Library, BUET 
2015-04-23 2015-04-23Circulation section 8Central Library, BUET29869 541_390000000000000_SMI_1970 2015-04-23541.39/SMI/1970General BookCentral Library, BUET 
2015-04-23 2015-04-23Circulation section 9Central Library, BUET29859 541_390000000000000_SMI_1970 2015-04-23541.39/SMI/1970General BookCentral Library, BUET 
2015-04-26 2015-04-26Circulation section 10Central Library, BUET29870 541_390000000000000_SMI_1970 2015-04-26541.39/SMI/1970General BookCentral Library, BUET 
2015-04-26 2015-04-26Circulation section 11Central Library, BUET29861 541_390000000000000_SMI_1970 2015-04-26541.39/SMI/1970General BookCentral Library, BUET 
2015-04-27 2015-04-27Circulation section 12Central Library, BUET25967 541_390000000000000_SMI_1970 2015-04-27541.39/SMI/1970General BookCentral Library, BUET 
2015-04-27 2015-04-27Circulation section 13Central Library, BUET29860 541_390000000000000_SMI_1970 2015-04-27541.39/SMI/1970General BookCentral Library, BUET 
2015-06-08 2015-06-08Reading section 14Central Library, BUET29862 541_390000000000000_SMI_1970 2015-06-08541.39/SMI/1970Reading ItemCentral Library, BUET 
2015-06-08 2015-06-08Reading section 15Central Library, BUET29866 541_390000000000000_SMI_1970 2015-06-08541.39/SMI/1970Reading ItemCentral Library, BUET 
2015-06-08 2015-06-08Reading section 16Central Library, BUET29872 541_390000000000000_SMI_1970 2015-06-08541.39/SMI/1970Reading ItemCentral Library, BUET 
2015-06-08 2015-06-08Reading section 17Central Library, BUET29864 541_390000000000000_SMI_1970 2015-06-08541.39/SMI/1970Reading ItemCentral Library, BUET